Estatísticas para Discografia do Queen

Clique aqui para jogar o quiz

Estatísticas Gerais

  • Esse quiz foi jogado 15 vezes
  • A pontuação média é 11 de 16

Estatísticas das Respostas

AnoAlbum% Correto
1975A Night at the Opera
92%
1973Queen
92%
1974Queen II
92%
1978Jazz
85%
1986A Kind of Magic
77%
1991Innuendo
77%
1975Sheer Heart Attack
77%
1981Flash Gordon
69%
1976A Day at the Races
62%
1982Hot Space
62%
1995Made in Heaven
62%
1977News of the World
62%
1980The Game
54%
1984The Works
54%
1989The Miracle
46%
2008Cosmos Rock
8%

Distribuição das Pontuações

Percentil de Números Respondidos

Porcentagem de Pessoas com Cada Pontuação

Sua Pontuação Histórica

Você não jogou esse quiz